000 00878nam0a2200253 4500
001 RU\NLR\BIBL_A\011923582
005 20250128194045.0
035 _a(NLR Aleph) 011923582
090 _a13420878
_c13420878
100 _a20190130d1959 m y0rusy50 ca
101 0 _achv
102 _aRU
105 _ay z 000 y
200 1 _aШевалесем
_fВладимир Садай
210 _aШупашкар
_cЧӑваш АССР Гос. изд-ви
_d1959
215 _a214,[2] с.
_d21
300 _aВ вып. дан. авт.:Владимир Леонтьевич Садай (Цырульников)
541 1 _aЗарницы
_eповести, рассказы, памфлеты
686 1 _aШ6(2=Чув.)7-4
700 1 _aСадай
_bВ. Л.
_gВладимир Леонтьевич
852 _aNLR
_bОНЛ
_jЧув./3-1585
942 _cBOOK
980 _aNB